Sigh No More Lyrics (Mumford and Sons) - Statistics

General Stats
  • This quiz has been taken 17 times
  • The average score is 79 of 115
Answer Stats
Answer % Correct
no
100%
a
92%
A
92%
an
92%
and
92%
And
92%
is
92%
me
92%
more
92%
the
92%
The
92%
love
85%
Love
85%
not
85%
Sigh
85%
end
77%
it
77%
This
77%
we
77%
You
77%
you
77%
Be
69%
be
69%
free
69%
god
69%
like
69%
man
69%
My
69%
my
69%
set
69%
to
69%
was
69%
will
69%
are
62%
betray
62%
But
62%
heart
62%
Live
62%
made
62%
Oh
62%
Serve
62%
thing
62%
were
62%
beauty
54%
enslave
54%
friends
54%
I'm
54%
know
54%
never
54%
on
54%
or
54%
pure
54%
see
54%
sorry
54%
There
54%
as
46%
design
46%
Dismay
46%
giddy
46%
mend
46%
of
46%
One
46%
one
46%
unbruised
46%
cry
38%
in
38%
alignment
31%
sea
31%
shore
31%
foot
23%
No matching quizzes found
Score Distribution
Percent of People with Each Score
Percentile by Number Answered
Your Score History
You have not taken this quiz